000 00358 a2200169 4500
001 185573
020 _a
040 _cMagnum
100 _aQueiros, Bartolomeu Campos
240 1 0 _aCorrespondĂȘncia
_lpor
245 1 0 _aCorrespondĂȘncia
300 _a24
362 0 _a1988
440 1 _aMiguilim
697 _aLITERATURA INFANTO-JUVENIL
942 _cBK
999 _c185573
_d185573